00571nam a2200157Ia 4500003000900000008004100009020001800050040001600068080001800084245011600102260004700218300001500265490004300280650007200323700001800395IN-BaIIA211028s9999 xx 000 0 eng d a90-5699-016-0 cIIA Library a524(063)bKAT 0aPhysics of accretion disksbadvection, radiation and magnetic fieldscedited by S. Kato  aAustraliabGordon and Breach Sciencec1996 axiv, 332p. aAdvances in Astronomy and Astrophysics aAccretion disks, Advection dominated disks, Self gravitating disks. aKato, S., ed.